000
00289nam a2200121Ia 4500
008
220204s9999 xx 000 0 und d
082
_a
635.912:745.9
_b
ROG
100
_a
Joyce
245
0
_a
Flower arranging
260
_a
London
_b
Hamlyn
_c
1975
650
_a
Flower arrangement
942
_c
BK
999
_c
29687
_d
29687